Maravilloso desastre. (Registro nro. 3250)

Detalles MARC
000 -LEADER
fixed length control field 01677nam a2200193 a 4500
008 - CAMPO DE CONTROL (LIBRO)
fixed length control field 180918t2014 ag |||g||||| 001 1 spa d
020 ## - INTERNATIONAL STANDARD BOOK NUMBER
ISBN 9789870432791
041 ## - CODIGO DE IDIOMA
Código de idioma del texto/pista de sonido o título separado spa
092 ## - SIGNATURA TOPOGRAFICA DEWEY LOCAL
número de clasificación 808
libristica 51
sección MCG
100 1# - ENTRADA PRINCIPAL--NOMBRE PERSONAL
Nombre personal McGuire, Jamie
9 (RLIN) 4304
245 ## - TITULO PROPIAMENTE DICHO
Título Maravilloso desastre.
Subtítulo y Título paralelo Intensa, peligrosa, adictiva...conoce tu nueva obsesión /
Mención de responsabilidad y remanente de la transcripción de la portada Jamie McGuire
250 ## - MENCION DE EDICION
Mención de edición 1a ed.
Mención de responsabilidad relacionada con la ed. Traducción Julia Alquézar
260 ## - PIE DE IMPRENTA
Lugar de publicación, distribución, etc Buenos Aires:
Nombre de la editorial, distribuidor, etc Aguilar, Altea, Taurus, Alfaguara;
Fecha de publicación 2014.
300 ## - DESCRIPCION FISICA
Extension 441 p.
500 ## - NOTA GENERAL
Nota general McGuire, J.(2014). Maravilloso desastre. (1a ed.). Buenos Aires : Aguilar, Altea, Taurus, Alfaguara.
505 ## - NOTA DE CONTENIDO
Nota de contenido formateada La chica buena: Abby Abernathy no toma alcohol, no se mete en líos y trabaja muy duro. Cree que ha enterrado su oscuro pasado, pero cuando llega a la universidad, un rompecorazones conocido por sus historias de una noche pone en jaque su sueño de una nueva vida. <br/>El chico malo:Travis Maddox, sexy, musculoso y cubierto de tatuajes, es justamente el tipo de chico que atrae a Abby. Y precisamente lo que quiere evitar. Dedica sus noches a ganar dinero en un club de lucha itinerante, y sus días a ser el estudiante ejemplar y el seductor más popular del campus. Una mezcla explosiva.<br/>¿Un desastre inminente... Intrigado por el rechazo de Abby, Travis intenta entrar en su vida proponiéndole una apuesta que trastocará sus mundos y lo cambiará todo.<br/>...O el inicio de algo maravilloso? En cualquier caso, Travis no tiene la más mínima idea de que ha iniciado un tornado de emociones, obsesiones y juegos que les terminará haciendo daño..., aunque puede que también los una para siempre.
655 ## - MATERIA - GENERO/FORMA
Género/Forma Literatura
-- 2917
942 ## - ADDED ENTRY ELEMENTS (KOHA)
Source of classification or shelving scheme Dewey Decimal Classification
Item type LITERATURA
Existencias
Estado de retiro Existencia Fuente de clasificación Estado general No para prestamo Ubicación permanente ubicación actual Sala de ubicación Fecha de adquisición Fuente de adquisición Total Checkouts Número de clasificación Código de barras Date last seen Número de ejemplar Price effective from Koha tipo de elemento (item) Public note Coded location qualifier
    Dewey Decimal Classification     Biblioteca Medicina Biblioteca Medicina Circulación 23/04/2025 Donación Abril 2025. Chiara Montenegro   808 51 MCG 5007 23/04/2025 Ej.1 23/04/2025 LITERATURA Donación Abril 2025. Chiara Montenegro  

UNIVERSIDAD NACIONAL DEL COMAHUE
Biblioteca de la Facultad de Ciencias Médicas
Sede Toschi: Los Arrayanes y Av. Toschi, Cipolletti  - Rio Negro
Sede Los Tordos:  Yrigoyen al 2211, Cipolletti - Rio Negro 

Teléfono: 0299 - 4774707 int 25
Contacto: biblioteca@facimed.uncoma.edu.ar
© 2011 - 2026